00440nam a2200157Ia 4500008004100000020001800041082001200059100002400071245003600095250000800131260003000139300002300169500001900192600002100211650005000232240925s9999 xx 000 0 und d a9788126513345 a004 COH aCohen, Daniel I. A 0aIntroduction to Computer Theory a2nd aNew Delhi:bWileyc,2014. a708p.b0fOriginal aIncludes Index aComputer Science aComputer science, information & general works